000 00296nam a22001337a 4500
008 171024b xxu||||| |||| 00| 0 eng d
020 _a9780894262067
041 _aeng
080 _22ND
_a311
100 _a55
101 _aSTA
245 _aSTATISTICS FOR BUSINESS
_cBELL,P.C
942 _2udc
_cBK
999 _c35674
_d35674